00686nam a22002057a 450000500170000001000130001702000220003003500130005203700160006504000120008108200160009310000290010924501180013826000500025627000500030630000250035650000500038165000150043165000340044620170124110105.0 aA-943780 c00.00a8176480606 aA-943780 bCen Lib/Ret aDPLbEN a658.15bKHA aKhan, Mohammed Akbar Ali aHospital management :cby Mohammed Akbar Ali Khanba focus of financing and cost efficiency of Public hospitals / bA.P.H Publishing CorporationaNew Delhic1999 a5, Ansari Road, Daryaganj bNew Delhie110002 axix,252p. c21cm(Hb) aIncludes bibliographical references and index aManagement aManagement audit in Hospitals